Statistics for Formula 1 Technical Innovations

Click here to take the quiz!

General Stats

  • This quiz has been taken 15 times
  • The average score is 4 of 10

Answer Stats

HintAnswer% Correct
The FIA's overtaking aidDRS
100%
Mercedes' toe adjusterDAS
58%
Driver's guardian angelHalo
50%
Brawn's brilliant back endDouble diffuser
33%
Williams' stable suspensionActive suspension
25%
Tyrrell's unsafe extra wingsX-wings
25%
Mclaren's manual DRSF-duct
17%
Lotus' faster floor principleGround effect
17%
Renault's stabilizing springMass Damper
17%
Ferrari's two handed transmissionSemi-automatic transmission
8%

Score Distribution

Percentile by Number Answered

Percent of People with Each Score

Your Score History

You have not taken this quiz